| 000 | 00558nam a22001937i 4500 | ||
|---|---|---|---|
| 001 | 3558 | ||
| 003 | OSt | ||
| 005 | 20170126082320.0 | ||
| 007 | tu | ||
| 008 | 161220s1996 xxu||||| |||| 00| 0 d | ||
| 024 | 7 |
_a3557 _2RID |
|
| 040 | _cOSt | ||
| 084 |
_a11.352 _2z |
||
| 100 | 1 | _aSchnatz, Bernd | |
| 245 | 0 | 0 | _aStabilitätspolitische Reaktionen auf massive Kapitalzuflüsse: Erfahrungen aus Chile, Mexiko und Malaysia |
| 260 |
_aHamburg : _bHWWA-Institut für Wirtschaftsforschung,Hamburg, _c1996. |
||
| 300 |
_a40 S. ; _c30cm. |
||
| 490 |
_aHWWA-Diskussionspapier _v34 |
||
| 942 | _cB | ||
| 999 |
_c3505 _d3505 |
||